Hypotekárne nástroje Vybrané problémy zavedenia hypotekárnych produktov v Slovenskej republike

Saved in:
Bibliographic Details
Format: Book
Language:Slovak
Published: Bratislava Národná banka Slovenska 1995
Edition:1. vyd.
Subjects:
Tags: Add Tag
No Tags, Be the first to tag this record!

MARC

LEADER 00000nam a2200000 4500
001 c010758
005 20221128072837.4
020 |a 80-8043-002-0 
041 0 |a slo 
044 |a SK 
245 1 0 |a Hypotekárne nástroje  |b Vybrané problémy zavedenia hypotekárnych produktov v Slovenskej republike 
250 |a 1. vyd. 
264 1 |a Bratislava  |b Národná banka Slovenska  |c 1995 
300 |a 87 s. 
610 2 0 |a hypotéky 
610 2 0 |a dlhopisy 
610 2 0 |a banky 
610 2 0 |a obchody bankové 
610 2 0 |a úver 
610 2 0 |a pôžičky 
610 2 0 |a legislatíva 
610 2 0 |a výstavba bytová 
610 2 0 |a Slovensko